000
00186 a2200097 4500
020
_a
9781936878017
041
_a
eng
100
_a
Purl, Mara
245
_a
What the heart knows
942
_c
BK
999
_c
7457
_d
7457